| 000 | 00657nam a2200205 a 4500 | ||
|---|---|---|---|
| 005 | 20140310183501.0 | ||
| 008 | 100310s19uu xx 00 eng d | ||
| 020 | _a13: 978-0-19-456977-4 | ||
| 050 |
_aPE 1116 _b.G846 2007 |
||
| 100 | _aGrice, Tony | ||
| 245 |
_aNursing 1 : _bstudent's book / _cTony Grice. |
||
| 260 |
_aNew York : _bOxford University Press, _cc2007. |
||
| 300 | _a135 p. : | ||
| 440 | _aOxford English for Careers | ||
| 521 | _aNUR | ||
| 650 |
_aEnglish language _xGrammar _xrhetoric [Nursing students] |
||
| 650 |
_aEnglish communication _x[Nursing students] |
||
| 650 |
_aNursing _xEnglish language _xGrammar. |
||
| 942 |
_cBK _2lcc _kFOR |
||
| 999 |
_c23916 _d23916 |
||